[Event "Moscow ol (Men)"]
[Site "Moscow"]
[Date "1994.??.??"]
[Round "7"]
[White "Lputian, Smbat G"]
[Black "Kakageldyev, Amanmurad"]
[Result "1/2-1/2"]
[WhiteElo "2590"]
[BlackElo "2450"]

1.d4 g6 2.c4 Bg7 3.Nf3 c5 4.e3 Nf6 5.Nc3 O-O 6.Be2 cxd4 7.exd4 d5 8.O-O dxc4
9.Bxc4 a6 10.a4 Bg4 11.d5 Nbd7 12.Re1 Rc8 13.Ba2 Nb6 14.h3 Bxf3 15.Qxf3 Qd7
16.d6 exd6 17.Bg5 Qc6 18.Re7 Qxf3 19.gxf3 h6 20.Be3 Nc4 21.Rxb7 Nxe3 22.fxe3 Rb8
23.Bxf7+ Kh7 24.Rxb8 Rxb8 25.Ra2 Nd7 26.Bc4 Nc5 27.a5 Rb4 28.Be2 g5 29.Kf2 Kg6
30.Nd1 Be5 31.Ra1 Kf6 32.Rc1 Bxb2  1/2-1/2

[Event "Moscow ol (Men)"]
[Site "Moscow"]
[Date "1994.??.??"]
[Round "10"]
[White "Nevednichy, Vladislav"]
[Black "Lputian, Smbat G"]
[Result "1-0"]
[WhiteElo "2470"]
[BlackElo "2590"]

1.e4 e6 2.d3 d5 3.Nd2 c5 4.g3 Bd6 5.Bg2 Ne7 6.Ngf3 Nbc6 7.O-O O-O 8.Nh4 b5
9.f4 c4 10.dxc4 dxc4 11.c3 Bb7 12.Kh1 e5 13.f5 f6 14.g4 Bc5 15.Qe1 Qe8 16.Rf3 Rd8
17.Nf1 h6 18.Rh3 Rd6 19.Nf3 Nd8 20.Qe2 Nf7 21.Bd2 Qc6 22.Re1 Rfd8 23.Bc1 Qa6
24.a3 Qa4 25.Rg3 Rd1 26.Bd2 Rxe1 27.Nxe1 Qb3 28.Be3 Bxe3 29.Rxe3 Nc8 30.Qf2 Nb6
31.Re2 Qd1 32.h4 Qc1 33.Ng3 Rd1 34.Kh2 Qf4 35.Bf3 Rb1 36.Ng2 Qc1 37.Rc2 Rxb2
38.Rxb2 Qxc3 39.Rxb5 Qxa3 40.Qe3 Qe7 41.Qc5 Qd7 42.Ra5 Bc6 43.Be2  1-0

[Event "EUCup Gr2"]
[Site "Strasbourg"]
[Date "1994.??.??"]
[Round "?"]
[White "Lputian, Smbat G"]
[Black "Van Wely, Loek"]
[Result "1/2-1/2"]
[WhiteElo "2590"]
[BlackElo "2560"]

1.d4 d5 2.c4 dxc4 3.e3 e6 4.Bxc4 Nf6 5.Nf3 c5 6.O-O a6 7.Bb3 Nc6 8.Qe2 b6
9.Rd1 Qc7 10.Nc3 Be7 11.d5 exd5 12.Bxd5 Nxd5 13.Nxd5 Qb7 14.b3 O-O 15.Bb2 Re8
16.Ne5 Nxe5 17.Bxe5 Bd8 18.Bc3 Qc6 19.Rd2 Bb7 20.Rad1 b5 21.h4 Qe6 22.Qh5 Qe4
23.Nf4 Be7 24.Rd7 Bc6 25.Rc7 Rad8 26.Rxd8 Rxd8 27.Kh2 Re8 28.Ba1 g6 29.Qh6 Bf8
30.Qg5 Be7 31.Qh6 Bf8 32.Qg5 Be7  1/2-1/2

[Event "EUCup Gr2"]
[Site "Strasbourg"]
[Date "1994.??.??"]
[Round "?"]
[White "Stanec, Nikolaus"]
[Black "Lputian, Smbat G"]
[Result "0-1"]
[WhiteElo "2450"]
[BlackElo "2590"]

1.d4 e6 2.e4 d5 3.exd5 exd5 4.Bd3 c5 5.c3 Nc6 6.Ne2 Nf6 7.O-O c4 8.Bc2 Be7
9.Nf4 O-O 10.Re1 Bd6 11.h3 Re8 12.Rxe8+ Qxe8 13.Be3 Ne7 14.Qf3 Bf5 15.Bxf5 Nxf5
16.Nh5 Nxh5 17.Qxf5 Nf4 18.Nd2 Ne2+ 19.Kf1 Qxe3  0-1

[Event "Tilburg rapid20"]
[Site "Tilburg"]
[Date "1994.??.??"]
[Round "3"]
[White "Tukmakov, Vladimir B"]
[Black "Lputian, Smbat G"]
[Result "0-1"]
[WhiteElo "2565"]
[BlackElo "2590"]

1.d4 d5 2.Nf3 e6 3.c4 c5 4.cxd5 exd5 5.g3 Nc6 6.Bg2 c4 7.O-O Bb4 8.Nc3 Nge7
9.e4 O-O 10.exd5 Nxd5 11.Bg5 Qa5 12.Nxd5 Qxd5 13.Ne5 Qb5 14.a4 Qa6 15.Nxc6 bxc6
16.d5 cxd5 17.Qxd5 Rb8 18.Rfc1 Be6 19.Qe4 Bc5 20.Rc2 Rb4 21.Bf1 Rc8 22.Be3 Bxe3
23.Qxe3 Rxa4 24.Rac1 Rb4 25.Rc3 Qa2 26.Qd4 g6 27.h4 Qxb2 28.h5 gxh5 29.Qf4 Rb5
30.Bxc4 Rf5 31.Qe3 Bxc4 32.Rxc4 Rxc4 33.Rxc4 Qb1+ 34.Kh2 Qb6 35.Rd4 Kg7 36.Kg1 Qf6
37.Qd2 a5 38.Rd6 Rxf2 39.Qd5 Rf1+ 40.Kg2 Qf2+ 41.Kh3 Qf5+ 42.Qxf5 Rxf5 43.Ra6 Rb5
44.Kh4 f6 45.Kh3 Kg6 46.Kh4 Rc5 47.Ra7 h6 48.Ra6 Rc4+ 49.Kh3 a4 50.Ra8 Kf5  0-1

[Event "Ankara zt"]
[Site "Ankara"]
[Date "1995.??.??"]
[Round "2"]
[White "Lputian, Smbat G"]
[Black "Bayram, Yakup"]
[Result "1/2-1/2"]
[WhiteElo "2630"]
[BlackElo "2260"]

1.d4 Nf6 2.Nf3 g6 3.g3 Bg7 4.Bg2 d5 5.c4 c6 6.cxd5 cxd5 7.Nc3 O-O 8.Ne5 Nbd7
9.f4 e6 10.O-O Ne8 11.e4 dxe4 12.Nxe4 Ndf6 13.Nc3 Nc7 14.g4 b6 15.Bxa8 Nxa8
16.g5 Nd5 17.Nxd5 Qxd5 18.Qf3 Qd6 19.Qa3 Bxe5 20.dxe5 Qd4+ 21.Qe3 Qd7 22.Qd2 Qc6
23.Qc3 Qd7 24.Qd2 Qc6 25.Qg2 Qd7 26.Be3 Nc7 27.Rad1 Nd5 28.Kf2 Bb7 29.Qh3 Qb5
30.Rd2 Rc8 31.Kg1 Rc4 32.Bd4 Qb4 33.Qd3 Rc8 34.a3 Qa4 35.Qg3 Qc6 36.h3 Ne7
37.Kh2 Nf5 38.Qf2 Rd8 39.Bc3 Rd5 40.Rxd5 Qxd5 41.Qd2 Qe4 42.Qd8+ Kg7 43.Qf6+ Kg8
44.Qd8+ Kg7  1/2-1/2

[Event "ARM-ch"]
[Site "Yerevan"]
[Date "1995.??.??"]
[Round "4"]
[White "Lputian, Smbat G"]
[Black "Minasian, Artashes"]
[Result "1/2-1/2"]
[WhiteElo "2585"]
[BlackElo "2565"]

1.d4 Nf6 2.Nf3 c5 3.d5 g6 4.c4 Bg7 5.Nc3 O-O 6.e4 d6 7.h3 e6 8.Bd3 a6 9.a4 b6
10.Bg5 h6 11.Be3 Ra7 12.Qd2 Kh7 13.O-O Re7 14.a5 exd5 15.cxd5 Nbd7 16.axb6 Qxb6
17.b4 Qc7 18.bxc5 Nxc5 19.Bxc5 Qxc5 20.Rfc1 Qa7 21.Qf4 Ne8 22.Nb5 Qb6 23.Rxc8 Bxa1
24.Nxd6 Be5 25.Nc4 Qb7 26.Ncxe5 Qxc8 27.Nxg6 Kxg6 28.Nh4+ Kh7 29.e5+ Kg8
30.Nf5 Rb7 31.Qxh6 f6 32.Qg6+ Kh8 33.Qh6+ Kg8 34.Qg6+ Kh8 35.Qh6+ Kg8  1/2-1/2

[Event "ARM-ch"]
[Site "Yerevan"]
[Date "1995.??.??"]
[Round "10"]
[White "Lputian, Smbat G"]
[Black "Petrosian, Arshak B"]
[Result "1-0"]
[WhiteElo "2585"]
[BlackElo "2435"]

1.d4 Nf6 2.c4 e6 3.Nf3 d5 4.Nc3 Be7 5.Bg5 h6 6.Bh4 O-O 7.e3 b6 8.Be2 Bb7
9.Bxf6 Bxf6 10.cxd5 exd5 11.b4 c6 12.O-O Re8 13.Qb3 a5 14.bxa5 Rxa5 15.Rfe1 Nd7
16.a4 Ba6 17.Bxa6 Rxa6 18.e4 dxe4 19.Nxe4 Re6 20.Ra2 Ra5 21.Rae2 Rd5 22.Qc4 Nf8
23.Nxf6+ Rxf6 24.Re8 Qd6 25.Qb3 Kh7 26.h4 Ne6 27.Qb1+ g6 28.Qxb6 Nxd4 29.Ne5 Nc2
30.Qa7 Nxe1 31.Nxf7 Qd7 32.Ng5+ hxg5 33.Re7+  1-0

[Event "ARM-ch"]
[Site "Yerevan"]
[Date "1995.??.??"]
[Round "11"]
[White "Minasian, Ara"]
[Black "Lputian, Smbat G"]
[Result "1/2-1/2"]
[WhiteElo "2425"]
[BlackElo "2585"]

1.e4 e6 2.d4 d5 3.Nc3 Bb4 4.e5 c5 5.a3 Bxc3+ 6.bxc3 Ne7 7.h4 Nbc6 8.h5 Qa5
9.Bd2 h6 10.Nf3 Bd7 11.a4 O-O-O 12.Qc1 f6 13.exf6 gxf6 14.Be2 e5 15.Rb1 Qc7
16.Qa3 cxd4 17.cxd4 Nf5 18.c3 Rde8 19.dxe5 fxe5 20.Nh4 d4 21.Ng6 d3 22.Bg4 Nd6
23.Bxd7+ Qxd7 24.Nxh8 Rxh8 25.Rh4 Nf5 26.Rc4 Qd5 27.Qb3 Qd7 28.Rg4 Re8 29.f3 b6
30.Qc4 Kb7 31.Rb5 Rd8 32.Rg6 Nce7 33.Qe4+ Ka6 34.Qc4 Kb7 35.Qe4+ Ka6 36.Qc4 Kb7
37.Qe4+ Ka6 38.Qc4 Kb7  1/2-1/2

[Event "GER-ARM"]
[Site "Baden-Baden"]
[Date "1996.??.??"]
[Round "2"]
[White "Lputian, Smbat G"]
[Black "Jussupow, Artur"]
[Result "1/2-1/2"]
[WhiteElo "2595"]
[BlackElo "2665"]

1.d4 Nf6 2.c4 e6 3.Nf3 Bb4+ 4.Nbd2 O-O 5.a3 Be7 6.e4 d5 7.e5 Nfd7 8.b4 a5
9.b5 c5 10.Bb2 b6 11.cxd5 exd5 12.Bd3 Re8 13.O-O Nf8 14.Ne1 Ra7 15.f4 Rc7
16.Ndf3 Bd7 17.a4 Qc8 18.Bb1 Bf5 19.dxc5 bxc5 20.Qxd5 Bxb1 21.Rxb1 Qf5 22.Nd2 c4
23.Qe4 Qc8 24.Bc3 Bc5+ 25.Kh1 Bb6 26.Nc2 Rd8 27.Na3 Rxd2 28.Bxd2 c3 29.Be3 Bxe3
30.Qxe3 c2 31.Rbc1 Rc3 32.Rxc2 Rxc2 33.Nxc2 Qxc2 34.Qb6 Qc4 35.Kg1 Nbd7 36.Qxa5 Qd4+
37.Kh1 Qc4 38.Rb1 Qxf4 39.b6 Nxb6 40.Qxb6 Qxa4 41.h3 h6 42.Qb4 Qa7 43.Qe4 Ne6
44.Rb7 Qa1+ 45.Rb1 Qa7 46.Kh2 g6 47.Qf3 Qc7 48.Qf6 Qa7 49.Rb5 Qc7 50.Rd5 Qb7
51.Rd6 Qc8 52.Rb6 Nf8 53.Qd6 Qc1 54.Rb8 Qf4+ 55.Kg1 Qe3+ 56.Kf1 Qf4+ 57.Ke2 Qe4+
58.Kd1 Qa4+ 59.Kd2 Qf4+ 60.Kd3 Qg3+ 61.Kc4 Qf4+ 62.Kb5 Qf1+ 63.Kb6 Qf2+ 64.Kc7 Qa7+
65.Kc6 Qa4+ 66.Kb6 Qb3+ 67.Ka5 Qa2+ 68.Kb4 Qb2+ 69.Ka4 Qc2+ 70.Kb5 Qe2+ 71.Kb6 Qf2+  1/2-1/2

[Event "GER-ARM"]
[Site "Baden-Baden"]
[Date "1996.??.??"]
[Round "3"]
[White "Gabriel, Christian"]
[Black "Lputian, Smbat G"]
[Result "1/2-1/2"]
[WhiteElo "2565"]
[BlackElo "2595"]

1.d4 e6 2.Nf3 Nf6 3.c4 d5 4.Nc3 Be7 5.Bg5 h6 6.Bxf6 Bxf6 7.e3 O-O 8.Qd2 a6
9.Rc1 c6 10.e4 b5 11.e5 Be7 12.c5 f6 13.Ne2 Qe8 14.h4 Nd7 15.Qe3 fxe5 16.Nxe5 Nxe5
17.dxe5 Qd8 18.Nd4 Qa5+ 19.Qc3 Qc7 20.Ne2 b4 21.Qe3 Qa5 22.b3 Bd7 23.Rc2 Be8
24.h5 d4 25.Nxd4 Bxc5 26.Qe4 Bxd4 27.Qxd4 Rd8 28.Qc5 Rd5 29.Qxa5 Rxa5 30.Bc4 Rxe5+
31.Re2 Rc5 32.Rh4 Bxh5 33.Rxe6 Bf7 34.Rd6 Bxc4 35.Rxc4 Rxc4 36.bxc4 Rf6 37.Rd8+ Rf8
38.Rd6 Rf6 39.Rd8+ Kf7 40.Rc8 a5 41.Rc7+ Kg6 42.c5 Kf5 43.Ke2 g5 44.Ke3 Ke5
45.Rd7 a4 46.f3 h5 47.Rg7 Re6 48.Kd3 Kf4 49.g3+ Kxg3 50.Rxg5+ Kh4 51.f4 Re1
52.Rg6 Ra1 53.Rxc6 Rxa2 54.Ra6 b3 55.c6 Ra1 56.c7 b2 57.Rb6 Rc1 58.Rxb2 Rxc7
59.Ke4 a3 60.Rh2+ Kg4 61.Rg2+ Kh3 62.Ra2 Rc4+ 63.Kf5 Rc5+ 64.Ke4 Rc3 65.f5 Kg3
66.f6 Rf3 67.Ke5 h4 68.Ke6 h3 69.f7 h2 70.Ra1  1/2-1/2

[Event "GER-ARM"]
[Site "Baden-Baden"]
[Date "1996.??.??"]
[Round "4"]
[White "Lputian, Smbat G"]
[Black "Gabriel, Christian"]
[Result "1-0"]
[WhiteElo "2595"]
[BlackElo "2565"]

1.d4 Nf6 2.c4 e6 3.Nf3 d5 4.Nc3 dxc4 5.e4 Bb4 6.Bg5 c5 7.Bxc4 cxd4 8.Nxd4 Bxc3+
9.bxc3 Qa5 10.Bb5+ Nbd7 11.Bxf6 Qxc3+ 12.Kf1 gxf6 13.h4 Qa5 14.Rc1 Ke7 15.Rh3 Rd8
16.Qc2 a6 17.Be2 Ne5 18.Qb2 Rd6 19.Rb3 Nd7 20.f4 Nc5 21.Re3 Rb6 22.Qc2 Rb4
23.Rc3 Na4 24.Rxc8  1-0

[Event "Cannes op"]
[Site "Cannes"]
[Date "1996.??.??"]
[Round "1"]
[White "Golubovic, Boris"]
[Black "Lputian, Smbat G"]
[Result "1/2-1/2"]
[WhiteElo "2385"]
[BlackElo "2580"]

1.e4 e6 2.d4 d5 3.exd5 exd5 4.Nf3 Bd6 5.c4 Nf6 6.Nc3 O-O 7.cxd5 Re8+ 8.Be2 Nbd7
9.O-O h6 10.Bc4 Nb6 11.Bb3 Bf5 12.Ne5 Bxe5 13.dxe5 Rxe5 14.Bf4 Re7 15.Qf3 Qd7
16.h3 Ne4 17.Nxe4 Bxe4 18.Qg3 Bxd5 19.Bxh6 f6 20.Bc2 Kf8 21.Be3 Qb5 22.a4 Qb4
23.b3 Be4 24.Bxe4 Rxe4 25.Qxc7 Nd5 26.Bc5+ Kg8 27.Qd6 Qxb3 28.Rfb1 Qc4 29.Rxb7 Re5
30.Bxa7 Qe4 31.Rb8+ Rxb8 32.Qxb8+ Kf7 33.f3 Qc2 34.Qb7+ Kg8 35.Bf2 Nf4 36.a5 Nxh3+
37.gxh3 Rg5+ 38.Kh1 Qxf2 39.Qb3+ Kh8 40.Qb8+ Kh7 41.Qb1+ f5 42.Qf1 Qh4 43.Ra2 Rg3
44.a6 Qf4 45.Ra3 Qb4 46.Ra2 Qf4 47.Ra3 Qb4 48.Ra2 Qb3 49.Rf2 Rg6 50.Rg2 Rd6
51.Kh2 Qa4 52.f4 Rxa6 53.Qf3 Rh6 54.Qg3 Qd7 55.Qg5 Qf7 56.Rg1 Rh5 57.Qg3 Qf6
58.Rg2 Qh6 59.Qf3 Kh8 60.Qa8+ Kh7 61.Qf3  1/2-1/2

[Event "Cannes op"]
[Site "Cannes"]
[Date "1996.??.??"]
[Round "3"]
[White "Georgiev, Vladimir"]
[Black "Lputian, Smbat G"]
[Result "1-0"]
[WhiteElo "2435"]
[BlackElo "2580"]

1.Nf3 d5 2.d4 Nf6 3.c4 e6 4.Nc3 Be7 5.Bg5 h6 6.Bh4 O-O 7.Qc2 Nbd7 8.cxd5 exd5
9.e3 b6 10.Bd3 Bb7 11.O-O Ne4 12.Nxe4 Bxh4 13.Nxh4 dxe4 14.Bxe4 Bxe4 15.Qxe4 Re8
16.Qf4 Nf6 17.Nf5 Re6 18.Rac1 Rc8 19.Qg3 Ne8 20.Qg4 Kh7 21.Rfd1 g6 22.Ng3 h5
23.Qf4 Qe7 24.h4 Nd6 25.Rc6 Rd8 26.Rdc1 Rd7 27.e4 Rf6 28.Qe3 Ne8 29.R6c4 b5
30.Rc5 Ra6 31.a3 Qxh4 32.Rxb5 Nf6 33.e5 Nd5 34.Qf3 c6 35.Rb8 Qxd4 36.Re1 Qf4
37.Qd3 Rb6 38.Nxh5 Qg5 39.Rxb6 axb6 40.Qh3  1-0

[Event "Cannes op"]
[Site "Cannes"]
[Date "1996.??.??"]
[Round "4"]
[White "Boyd, Stephen"]
[Black "Lputian, Smbat G"]
[Result "0-1"]
[WhiteElo "2315"]
[BlackElo "2580"]

1.e4 c5 2.d3 Nc6 3.g3 d5 4.Nd2 Nf6 5.Ngf3 e5 6.Bg2 Be7 7.O-O O-O 8.exd5 Nxd5
9.Re1 f6 10.c3 Kh8 11.d4 exd4 12.cxd4 Ndb4 13.Nb3 c4 14.Nc5 Nxd4 15.Nxb7 Bxb7
16.Nxd4 Bxg2 17.Kxg2 Nd3 18.Be3 Bc5 19.Nc2 Nxe1+ 20.Qxe1 Bxe3 21.Nxe3 Qd4
22.Qe2 c3 23.Rd1 Qe4+ 24.Kg1 cxb2 25.Qxb2 Rfb8 26.Qd4 Qxd4 27.Rxd4 a5 28.Ra4 Rb4
29.Ra3 Kg8 30.Kg2 Ra7 31.Kf3 Kf7 32.h4 h5 33.Nd5 Rb5 34.Ne3 Rc7 35.Ra4 Rc3
36.Ke2 Rcc5 37.Kf3 Rb4 38.Ra3 Ke6 39.Ke2 Kd6 40.Kf3 Kc6 41.Rd3 Rb2 42.a3 Ra2  0-1

[Event "Cannes op"]
[Site "Cannes"]
[Date "1996.??.??"]
[Round "5"]
[White "Lputian, Smbat G"]
[Black "Rotstein, Arkadij"]
[Result "1-0"]
[WhiteElo "2580"]
[BlackElo "2445"]

1.d4 Nf6 2.c4 c5 3.d5 b5 4.Nf3 g6 5.a4 bxc4 6.Nc3 Bg7 7.e4 Ba6 8.Nd2 Qa5
9.e5 Nh5 10.Nf3 d6 11.g4 Nd7 12.gxh5 Nxe5 13.Nxe5 Bxe5 14.Bd2 Qb6 15.Rb1 Rb8
16.h4 Qb3 17.Nb5 Qxd1+ 18.Kxd1 Bc8  1-0

[Event "Cannes op"]
[Site "Cannes"]
[Date "1996.??.??"]
[Round "8"]
[White "Godena, Michele"]
[Black "Lputian, Smbat G"]
[Result "1-0"]
[WhiteElo "2485"]
[BlackElo "2580"]

1.e4 b6 2.d4 Bb7 3.Nd2 e6 4.Ngf3 c5 5.c3 Nf6 6.Bd3 d5 7.Qe2 Nc6 8.exd5 Nxd5
9.Nb3 cxd4 10.Nbxd4 Nxd4 11.Nxd4 Bc5 12.Bb5+ Kf8 13.Bc6 Bxc6 14.Nxc6 Qc7
15.Ne5 Bd6 16.Nf3 Rc8 17.O-O Qc4 18.Qc2 h6 19.Rd1 Ke7 20.Rd4 Qc7 21.Bd2 Nf6
22.Re1 Rhd8 23.Rh4 Kf8 24.Qc1 Rd7 25.Nd4 Be5 26.Nf3 Bd6 27.Nd4 Be5 28.Nf3 Rcd8
29.Bxh6 Bxh2+ 30.Rxh2 gxh6 31.Rxh6 Ng8 32.Rh7 Rd5 33.Ng5 R8d6 34.Qf4 Rf5
35.Nxe6+  1-0

[Event "Anibal op 3rd"]
[Site "Linares"]
[Date "1996.??.??"]
[Round "?"]
[White "Borgo, Giulio"]
[Black "Lputian, Smbat G"]
[Result "0-1"]
[WhiteElo "2400"]
[BlackElo "2580"]

1.e4 b6 2.d4 Bb7 3.Bd3 Nf6 4.Nd2 e6 5.Ngf3 c5 6.c3 Nc6 7.a3 d5 8.e5 Nd7 9.b4 c4
10.Bc2 b5 11.Ng1 a5 12.Rb1 axb4 13.axb4 Bxb4 14.Ne2 Be7 15.Rxb5 Qc7 16.O-O Na7
17.Rb1 Bc6 18.f4 g6 19.Rf3 Nb5 20.g4 f5 21.exf6 Nxf6 22.g5 Nh5 23.Nf1 O-O
24.Nfg3 Ng7 25.Qf1 Na3 26.Bxa3 Rxa3 27.Re1 Ra2 28.Bd1 Rb8 29.Nc1 Ra1 30.Bc2 Rb2
31.Rf2 Qa5 32.Nb3 Rxe1 33.Nxa5 Rxf1+ 34.Nxf1 Bd7  0-1

[Event "Anibal op 3rd"]
[Site "Linares"]
[Date "1996.??.??"]
[Round "?"]
[White "Lputian, Smbat G"]
[Black "Cifuentes Parada, Roberto"]
[Result "0-1"]
[WhiteElo "2580"]
[BlackElo "2490"]

1.c4 e5 2.Nc3 Nc6 3.Nf3 g6 4.e3 f5 5.d4 e4 6.Nd2 Nf6 7.c5 d5 8.cxd6 cxd6
9.d5 Ne5 10.Nc4 Nxc4 11.Bxc4 Bg7 12.Bd2 O-O 13.Nb5 Ng4 14.h3 a6 15.Nd4 Bxd4
16.exd4 Nxf2 17.Kxf2 f4 18.Be1 b5 19.Be2 Bb7 20.h4 Bxd5 21.a4 Qf6 22.axb5 f3
23.gxf3 exf3 24.Bf1 Rae8 25.Qd3 Re2+ 26.Bxe2 fxe2+ 27.Kxe2 axb5 28.Kd2 Bxh1
29.Bg3 Bd5 30.Ra6 Bc4 31.Qe3 Qf1 32.Rxd6 Qg2+ 33.Kc1 Ra8 34.Qf2 Qe4 35.Qc2 Qe3+  0-1

[Event "Anibal op 3rd"]
[Site "Linares"]
[Date "1996.??.??"]
[Round "?"]
[White "Narciso Dublan, Marc"]
[Black "Lputian, Smbat G"]
[Result "0-1"]
[WhiteElo "2440"]
[BlackElo "2580"]

1.e4 b6 2.d4 Bb7 3.Bd3 Nf6 4.Nd2 e6 5.Ngf3 c5 6.c3 Nc6 7.a3 d5 8.e5 Nd7 9.O-O a5
10.Re1 c4 11.Bc2 b5 12.Nf1 h6 13.h4 b4 14.Qd2 Nb6 15.Qf4 bxc3 16.bxc3 a4
17.Ng3 Na5 18.Bb2 Nb3 19.Rad1 Nc8 20.Nh5 Qe7 21.Re3 Na7 22.Nd2 Bc6 23.Nb1 Rb8
24.Rg3 g6 25.Nf6+ Kd8 26.h5 g5 27.Qe3 Nxd4 28.cxd4 Rxb2 29.Qc3 Ra2 30.Bxa4 Qc7
31.Bxc6 Nxc6 32.Qf3 Ne7 33.Rh3 Bg7 34.Ne4 Rf8 35.Nec3 Rb2 36.a4 f6 37.Nb5 Qa5
38.Qa3 Qb4 39.exf6 Rxf6 40.Qxb4 Rxb4 41.N1c3 Nc6 42.Re3 Kd7 43.Rde1 Rb2 44.f3 Rd2
45.a5 Nxa5 46.Nxd5 exd5 47.Re7+ Kc6 48.Na7+ Kb6 49.Rxg7 c3 50.Nc8+ Kb5 51.Rc7 c2
52.Rc3 Kb4 53.Rc5 Nb3 54.Ne7 Nxc5 55.Nxd5+ Kb3 56.Nxf6 Rd1  0-1

[Event "Anibal op 3rd"]
[Site "Linares"]
[Date "1996.??.??"]
[Round "?"]
[White "Agnos, Demetrios"]
[Black "Lputian, Smbat G"]
[Result "1-0"]
[WhiteElo "2460"]
[BlackElo "2580"]

1.e4 e6 2.d4 d5 3.Nd2 c5 4.exd5 exd5 5.Ngf3 Nc6 6.Bb5 Bd6 7.dxc5 Bxc5 8.O-O Ne7
9.Nb3 Bd6 10.Re1 O-O 11.Bg5 Bg4 12.Bh4 Re8 13.Bg3 Bxg3 14.hxg3 Qb6 15.a4 h5
16.Qd3 Bf5 17.Qd2 a6 18.Bf1 Rac8 19.Nbd4 Be4 20.c3 Kf8 21.a5 Nxa5 22.Ne5 Kg8
23.Qf4 f6 24.Nd7 Qd8 25.Nxf6+ gxf6 26.Rxe4 dxe4 27.Qxf6 Nec6 28.Qg6+ Kf8
29.Nf5 Rc7 30.b4 Rf7 31.Qh6+ Kg8 32.Qxh5 Re6 33.bxa5 Qf6 34.Bc4 Rfe7 35.Nxe7+  1-0

[Event "Ubeda op"]
[Site "Ubeda"]
[Date "1996.??.??"]
[Round "?"]
[White "Wells, Peter K"]
[Black "Lputian, Smbat G"]
[Result "0-1"]
[WhiteElo "2495"]
[BlackElo "2580"]

1.d4 e6 2.c4 d5 3.Nf3 Nf6 4.Nc3 Be7 5.Bg5 h6 6.Bh4 O-O 7.e3 b6 8.Bd3 Bb7
9.O-O Nbd7 10.Qe2 c5 11.Bg3 Ne4 12.cxd5 exd5 13.Rac1 Re8 14.Rfd1 Nxc3 15.bxc3 c4
16.Bf5 g6 17.Bc2 Bf6 18.Rb1 Rc8 19.Nd2 Qe7 20.Ba4 Red8 21.Bf4 Bg7 22.Qf3 Nf8
23.Bc2 Ne6 24.Rbc1 b5 25.e4 b4 26.e5 bxc3 27.Nb1 f6 28.Nxc3 Nxf4 29.Qxf4 fxe5
30.Qg4 exd4  0-1

[Event "Ubeda op"]
[Site "Ubeda"]
[Date "1996.??.??"]
[Round "?"]
[White "Lputian, Smbat G"]
[Black "Anastasian, Ashot"]
[Result "1/2-1/2"]
[WhiteElo "2580"]
[BlackElo "2520"]

1.d4 Nf6 2.c4 e6 3.Nf3 Bb4+ 4.Nbd2 b6 5.a3 Bxd2+ 6.Bxd2 Bb7 7.Bg5 h6 8.Bh4 d6
9.e3 Nbd7 10.Nd2 c5 11.Bd3 cxd4 12.exd4 d5 13.cxd5 Bxd5 14.O-O O-O 15.Ne4 Rc8
16.Nc3 Bc4 17.Re1 Bxd3 18.Qxd3 Qc7 19.Rad1 Qc4  1/2-1/2

[Event "Vienna op"]
[Site "Vienna"]
[Date "1996.??.??"]
[Round "1"]
[White "Sulava, Nenad"]
[Black "Lputian, Smbat G"]
[Result "0-1"]
[WhiteElo "2430"]
[BlackElo "2595"]

1.Nf3 d5 2.d4 e6 3.g3 Nf6 4.Bg2 b5 5.Ne5 Bb7 6.c4 bxc4 7.Nxc4 c5 8.Ne5 Nc6
9.Nxc6 Bxc6 10.O-O Qb6 11.dxc5 Bxc5 12.Nc3 O-O 13.Na4 Bxa4 14.Qxa4 Rfc8 15.Rb1 Bd4
16.Bd2 Rc4 17.Qa3 Rc2 18.Qd3 Rxb2 19.e3 Rb8 20.Rxb2 Bxb2 21.Rb1 Qc7 22.Bf3 Nd7
23.Bd1 Qc4 24.Qxc4 dxc4 25.Kf1 c3 26.Be1 Nb6 27.Ke2 Nd5 28.a3  0-1

[Event "Vienna op"]
[Site "Vienna"]
[Date "1996.??.??"]
[Round "3"]
[White "Gyimesi, Zoltan"]
[Black "Lputian, Smbat G"]
[Result "1/2-1/2"]
[WhiteElo "2480"]
[BlackElo "2595"]

1.d4 d5 2.c4 e6 3.Nc3 c6 4.cxd5 exd5 5.Bf4 Bd6 6.Bxd6 Qxd6 7.e3 Bf5 8.Nge2 Ne7
9.Ng3 Bg6 10.Bd3 Nd7 11.O-O h5 12.e4 dxe4 13.Ngxe4 Qxd4 14.Bc4 Qxd1 15.Raxd1 Nf5
16.Ng5 Nb6 17.Rfe1+ Kf8 18.Bb3 Re8 19.Nce4 h4 20.g4 hxg3 21.fxg3 Nd5 22.Bxd5 cxd5
23.Rxd5 Rh5 24.Rdd1 Nxg3 25.hxg3 f6 26.Nc5 fxg5 27.Nxb7 g4 28.Rd8 Rxd8 29.Nxd8  1/2-1/2

[Event "Vienna op"]
[Site "Vienna"]
[Date "1996.??.??"]
[Round "4"]
[White "Lputian, Smbat G"]
[Black "Kobalija, Mihail"]
[Result "1-0"]
[WhiteElo "2595"]
[BlackElo "2495"]

1.d4 f5 2.Nc3 Nf6 3.Bg5 d5 4.e3 e6 5.Nf3 Be7 6.Bd3 c5 7.dxc5 Qa5 8.Bb5+ Bd7
9.Nd4 Ne4 10.Bxd7+ Nxd7 11.Bxe7 Kxe7 12.Nb3 Qc7 13.Qd4 Ndf6 14.Na4 Rac8 15.f3 Ng5
16.O-O-O Rhd8 17.Qb4 Ke8 18.Nd4 Qe7 19.Nb5 Nf7 20.Nxa7 Ra8 21.Nb5 Kf8 22.a3 Nd7
23.e4 fxe4 24.fxe4 dxe4 25.Qxe4 Kg8 26.Kb1 Nxc5 27.Rxd8+ Nxd8 28.Nxc5 Qxc5
29.Nd4 Ra6 30.Nf3 Rd6 31.Re1 Nc6 32.h4 h6 33.Qg6 Qc4 34.g4 Nd4 35.Nxd4 Qxd4
36.g5 Qg4 37.Re4 Qg2 38.Ka2 b5 39.Rb4 hxg5 40.hxg5 Qc6 41.Rf4 Qd7 42.Rh4 e5
43.Qh7+ Kf7 44.Rh1 Qe6+ 45.Kb1 Qg6 46.Rf1+ Ke7 47.Qg8 Rc6 48.Rf2 e4 49.Qf8+ Ke6
50.Qb4 Qxg5 51.Qxe4+ Kd6 52.Rg2  1-0

[Event "Vienna op"]
[Site "Vienna"]
[Date "1996.??.??"]
[Round "7"]
[White "Tischbierek, Raj"]
[Black "Lputian, Smbat G"]
[Result "0-1"]
[WhiteElo "2500"]
[BlackElo "2595"]

1.e4 e6 2.d4 d5 3.Nc3 Bb4 4.exd5 exd5 5.Bd3 Nc6 6.a3 Bxc3+ 7.bxc3 Nf6 8.Ne2 O-O
9.Bg5 h6 10.Bh4 Na5 11.O-O Qd6 12.Bg3 Qc6 13.Qc1 Nc4 14.Bh4 Re8 15.Re1 Bd7
16.f3 Nh7 17.g4 Re6 18.Nf4 Rxe1+ 19.Bxe1 Re8 20.Bf2 f5 21.h3 Ng5 22.Kg2 fxg4
23.hxg4 Qf6 24.Bxc4 dxc4 25.Qd2 Rf8  0-1

[Event "Vienna op"]
[Site "Vienna"]
[Date "1996.??.??"]
[Round "9"]
[White "Zvjaginsev, Vadim"]
[Black "Lputian, Smbat G"]
[Result "1/2-1/2"]
[WhiteElo "2590"]
[BlackElo "2595"]

1.d4 d5 2.c4 e6 3.Nf3 c6 4.e3 Bd6 5.Nc3 f5 6.Ne5 Nf6 7.Be2 O-O 8.O-O Nbd7
9.f4 Ne4 10.Nxe4 fxe4 11.Bd2 a5 12.a3 a4 13.Bb4 Nxe5 14.dxe5 Be7 15.Qd4 Kh8
16.g3 Bd7 17.Rfc1 Rf7 18.Bh5 g6 19.Bg4 h5 20.Bh3 Rg7 21.cxd5 exd5 22.Bxd7 Qxd7
23.Rc2 Kh7 24.Rf1 Qf5  1/2-1/2

[Event "Yerevan"]
[Site "Yerevan"]
[Date "1996.??.??"]
[Round "1"]
[White "Anastasian, Ashot"]
[Black "Lputian, Smbat G"]
[Result "0-1"]
[WhiteElo "2520"]
[BlackElo "2580"]

1.c4 Nf6 2.Nc3 e6 3.d4 d5 4.cxd5 exd5 5.Bg5 Be7 6.e3 Nbd7 7.Nf3 O-O 8.Bd3 Re8
9.Qc2 Nf8 10.h3 c6 11.O-O-O a5 12.Kb1 a4 13.Nxa4 Qa5 14.b3 b5 15.Nc5 Bxc5
16.Bxf6 Bb4 17.Bh4 Re6 18.Rhe1 Bxe1 19.Rxe1 b4 20.Rc1 Ba6 21.Ne1 c5 22.dxc5 Nd7
23.Bxa6 Rexa6 24.Nd3 Qb5 25.a4 bxa3 26.c6 Nf8 27.Be7 Ne6 28.Ka2 R6a7 29.Bd6 Rd8
30.Bg3 Rc8 31.Qc3 h5 32.Nf4 Nd8 33.Qc5 Qxc5 34.Rxc5 Nxc6 35.Ka1 Ra5 36.Rxd5 Nb4
37.Rd1 h4 38.Bh2 Rc2  0-1

[Event "Yerevan"]
[Site "Yerevan"]
[Date "1996.??.??"]
[Round "3"]
[White "Minasian, Artashes"]
[Black "Lputian, Smbat G"]
[Result "1/2-1/2"]
[WhiteElo "2580"]
[BlackElo "2580"]

1.Nf3 Nf6 2.g3 g6 3.Bg2 Bg7 4.O-O O-O 5.c4 d5 6.cxd5 Nxd5 7.d3 c5 8.Qa4 Nc6
9.Nbd2 Qd7 10.Qc4 b6 11.Ne5 Nxe5 12.Qxd5 Qxd5 13.Bxd5 Rb8 14.Rb1 Rd8 15.Bg2 Ba6
16.b3 Nxd3 17.exd3 Bxd3 18.Be4 Bxf1 19.Kxf1 f5 20.Bc2 e5 21.Ke2 Bh6 22.f4 exf4
23.Nf3 Re8+ 24.Kf1 Rbd8 25.gxf4 Re4 26.Bxe4 fxe4 27.Ne1 Rf8 28.Rb2 Bxf4 29.Bxf4 Rxf4+
30.Rf2 Rh4 31.Nc2 Rh3 32.Ke2 c4 33.bxc4 Rc3 34.Kd2 Rd3+ 35.Ke2 Rc3 36.Nd4 Rxc4
37.Ke3 Ra4 38.Ne6 h6 39.h4 Ra5 40.Kxe4 Kh8 41.Rg2 Ra4+ 42.Ke5 Rxh4 43.Kf6 Rh1
44.Nf8 Kg8 45.Nxg6 Rf1+ 46.Ke6 Re1+ 47.Ne5+ Kh7 48.Rf2 Rg1 49.Kd6 b5 50.Ke6 Rg7
51.Rc2 b4 52.Nc6 Rb7 53.Rb2 h5 54.a4 b3 55.Kd5 h4 56.Nd4 Kh6 57.Kc4 Kg5 58.Nxb3 h3
59.Rd2 Kf4 60.Nc5 Rh7 61.Ne4 h2 62.Kb5 Kf3 63.Nf2 Re7 64.Nh1 Re2 65.Rxe2 Kxe2
66.Kc4  1/2-1/2

[Event "Yerevan"]
[Site "Yerevan"]
[Date "1996.??.??"]
[Round "6"]
[White "Lputian, Smbat G"]
[Black "Akopian, Vladimir"]
[Result "1-0"]
[WhiteElo "2580"]
[BlackElo "2620"]

1.d4 Nf6 2.c4 g6 3.Nc3 d5 4.Nf3 Bg7 5.Qb3 dxc4 6.Qxc4 O-O 7.e4 Nc6 8.Be2 Bg4
9.d5 Na5 10.Qa4 Bxf3 11.Bxf3 c6 12.O-O cxd5 13.Rd1 Nc6 14.exd5 Ne5 15.Be2 Ne8
16.Ne4 Nd6 17.Nxd6 Qxd6 18.Qb3 b6 19.Be3 Nd7 20.Rac1 Nc5 21.Qa3 a5 22.Bb5 Rac8
23.Bc6 Rfd8 24.g3 e6 25.b4 axb4 26.Qxb4 exd5 27.Bxd5 Qc7 28.Rb1 Qe5 29.Qc4 Qf6
30.a4 Nd7 31.Qa2 Qf5 32.Rb4 Be5 33.Qb1 Nf6 34.Qxf5 gxf5 35.Rb5 Nxd5 36.Rbxd5 Rxd5
37.Rxd5 Bc7 38.Rxf5 Ra8 39.Bf4 Bxf4 40.Rxf4 Ra5  1-0

[Event "ARM-ch"]
[Site "Yerevan"]
[Date "1996.??.??"]
[Round "6"]
[White "Minasian, Ara"]
[Black "Lputian, Smbat G"]
[Result "0-1"]
[WhiteElo "2425"]
[BlackElo "2580"]

1.e4 e6 2.d4 d5 3.Nc3 Nf6 4.Bg5 Bb4 5.e5 h6 6.Bd2 Bxc3 7.bxc3 Ne4 8.Qg4 g6
9.Bd3 Nxd2 10.Kxd2 c5 11.Nf3 Nc6 12.dxc5 Qa5 13.Qf4 Qxc5 14.Nd4 Bd7 15.Qf6 O-O
16.Nxc6 Bxc6 17.h4 Rac8 18.Bxg6 Be8 19.Bd3 Qxc3+ 20.Ke2 Bb5 21.Bxb5 Qxc2+
22.Kf1 Qb2 23.Re1 Qxb5+ 24.Kg1 Kh7 25.Rh3 Qd7 26.Ree3 Qd8 27.Qf3 f5 28.Rb3 Rc7
29.Qe3 b6 30.Rf3 Rc4 31.g3 Re4 32.Qc3 Qb8 33.Qc6 Qxe5 34.Rfc3 Re1+ 35.Kh2 f4
36.Qd7+ Kh8 37.Rc8 Qg7 38.Rxf8+ Qxf8 39.Rf3 fxg3+ 40.Kg2 Rg1+ 41.Kxg1 Qxf3
42.Qc8+ Kg7 43.Qc7+ Kf6 44.fxg3 d4 45.Kh2 d3 46.Qd8+ Ke5 47.Qh8+ Qf6 48.Qb8+ Ke4
49.Qxa7 e5 50.Qa3 Qf2+ 51.Kh3 Qf1+ 52.Kh2 Kf3 53.Qa8+ e4 54.Qf8+ Ke2 55.Qxh6 Qf2+
56.Kh3 Qf5+  0-1